| 000 | 01138nam a2200289 i 4500 | ||
|---|---|---|---|
| 001 | 66879 | ||
| 003 | ES-MaACL | ||
| 005 | 20230906165856.0 | ||
| 007 | t| | ||
| 008 | 040416s2002 sp a |||| | spa d | ||
| 080 | _a314.727.2(460.186) | ||
| 080 | _a308(460.186-22) | ||
| 100 | 1 |
_aGoig Soler, María Isabel. _957620 |
|
| 245 | 1 | 3 |
_aEl lado humano de la despoblación en Soria / _cIsabel Goig Soler ; portada de Virginia Urquía Revuelto, con la colaboración de Leonor Lahoz y Luisa Goig. |
| 260 |
_aLa Rubia (Soria) : _bCentro Soriano de Estudios Tradicionales, _c[2002] |
||
| 300 |
_a242 p. : _bil. ; _c21 cm. |
||
| 490 | 1 |
_aLos libros del santero ; _v4 |
|
| 650 | 4 |
_aÉxodo rural- _zSoria (Provincia) _912684 |
|
| 651 | 4 |
_aSoria (Provincia)- _xCondiciones rurales. _99410 |
|
| 700 | 1 |
_aUrquía Revuelto, Virginia. _9112201 |
|
| 700 | 1 |
_aLahoz, Leonor. _969649 |
|
| 700 | 1 |
_aGoig Soler, María Luisa. _957621 |
|
| 710 | 2 |
_aCentro Soriano de Estudios Tradicionales. _92788 |
|
| 830 | 0 |
_aLos libros del santero ; _v4 _9230850 |
|
| 852 |
_aES-MaACL _jL-27549 _z. - Dedicatoria autógrafa de la autora |
||
| 999 |
_c66879 _d66879 |
||